000 00462nam a2200181Ia 4500
005 20250508160915.0
008 008 250505s9999 xx 000 0 eng d
037 _aTextual
040 _aFEDL
_beng
_cFEDL
041 _aeng
_2eng
084 _aF, BON
_qFEDL
100 _aBond Ruskin
245 0 _aHidden pool
260 _aNew Delhi, India
_bChildren's Book Trust
_c1966
300 _a63p
942 _cTEXL
_hF, BON
999 _c1367322
_d1367322